<?xml version="1.0" encoding="UTF-8"?>
<record
    xmlns:xsi="http://www.w3.org/2001/XMLSchema-instance"
    xsi:schemaLocation="http://www.loc.gov/MARC21/slim http://www.loc.gov/standards/marcxml/schema/MARC21slim.xsd"
    xmlns="http://www.loc.gov/MARC21/slim">

  <leader>00330nam a2200145Ia 4500</leader>
  <controlfield tag="008">191201s2000    xx            000 0 und d</controlfield>
  <datafield tag="082" ind1=" " ind2=" ">
    <subfield code="a">331.1</subfield>
    <subfield code="b">VEI</subfield>
  </datafield>
  <datafield tag="100" ind1=" " ind2=" ">
    <subfield code="a">VENKATARATNAM,C.S</subfield>
  </datafield>
  <datafield tag="245" ind1=" " ind2="0">
    <subfield code="a">Industrial Relations</subfield>
  </datafield>
  <datafield tag="250" ind1=" " ind2=" ">
    <subfield code="a">IMP 14</subfield>
  </datafield>
  <datafield tag="260" ind1=" " ind2=" ">
    <subfield code="a">N. Delhi</subfield>
    <subfield code="b">Oxford</subfield>
    <subfield code="c">2000</subfield>
  </datafield>
  <datafield tag="300" ind1=" " ind2=" ">
    <subfield code="a">747</subfield>
  </datafield>
  <datafield tag="650" ind1=" " ind2=" ">
    <subfield code="a">MBA</subfield>
  </datafield>
  <datafield tag="942" ind1=" " ind2=" ">
    <subfield code="2">ddc</subfield>
    <subfield code="c">BK</subfield>
  </datafield>
  <datafield tag="999" ind1=" " ind2=" ">
    <subfield code="c">4682</subfield>
    <subfield code="d">4682</subfield>
  </datafield>
  <datafield tag="952" ind1=" " ind2=" ">
    <subfield code="0">0</subfield>
    <subfield code="1">0</subfield>
    <subfield code="2">ddc</subfield>
    <subfield code="4">0</subfield>
    <subfield code="7">0</subfield>
    <subfield code="8">BBA</subfield>
    <subfield code="a">PIET</subfield>
    <subfield code="b">PIET</subfield>
    <subfield code="d">2014-02-24</subfield>
    <subfield code="e">Donated by Parul Gupta MBA</subfield>
    <subfield code="k">Donated by Parul Gupta MBA</subfield>
    <subfield code="l">1</subfield>
    <subfield code="o">331.01 RAI</subfield>
    <subfield code="p">22995</subfield>
    <subfield code="q">2022-07-21</subfield>
    <subfield code="r">2022-01-22 00:00:00</subfield>
    <subfield code="s">2022-01-22</subfield>
    <subfield code="w">2014-02-21</subfield>
    <subfield code="y">BK</subfield>
    <subfield code="z">Donated by Parul Gupta MBA</subfield>
  </datafield>
  <datafield tag="952" ind1=" " ind2=" ">
    <subfield code="0">0</subfield>
    <subfield code="1">0</subfield>
    <subfield code="2">ddc</subfield>
    <subfield code="4">0</subfield>
    <subfield code="7">0</subfield>
    <subfield code="8">MBA</subfield>
    <subfield code="a">PIET</subfield>
    <subfield code="b">PIET</subfield>
    <subfield code="d">2010-09-29</subfield>
    <subfield code="e">The book company</subfield>
    <subfield code="g">395.00</subfield>
    <subfield code="k">IN-4346</subfield>
    <subfield code="l">1</subfield>
    <subfield code="o">331.01 RAI</subfield>
    <subfield code="p">16525</subfield>
    <subfield code="r">2020-10-26 00:00:00</subfield>
    <subfield code="s">2020-09-30</subfield>
    <subfield code="w">2010-09-27</subfield>
    <subfield code="y">BK</subfield>
  </datafield>
  <datafield tag="952" ind1=" " ind2=" ">
    <subfield code="0">0</subfield>
    <subfield code="1">0</subfield>
    <subfield code="2">ddc</subfield>
    <subfield code="4">0</subfield>
    <subfield code="7">0</subfield>
    <subfield code="8">MBA</subfield>
    <subfield code="a">PIET</subfield>
    <subfield code="b">PIET</subfield>
    <subfield code="d">2010-10-05</subfield>
    <subfield code="e">The book company</subfield>
    <subfield code="g">395.00</subfield>
    <subfield code="k">4499</subfield>
    <subfield code="l">0</subfield>
    <subfield code="o">331.01 RAI</subfield>
    <subfield code="p">16684</subfield>
    <subfield code="r">2019-12-04 00:00:00</subfield>
    <subfield code="w">2010-10-04</subfield>
    <subfield code="y">BK</subfield>
  </datafield>
  <datafield tag="952" ind1=" " ind2=" ">
    <subfield code="0">0</subfield>
    <subfield code="1">0</subfield>
    <subfield code="2">ddc</subfield>
    <subfield code="4">0</subfield>
    <subfield code="7">0</subfield>
    <subfield code="8">MBA</subfield>
    <subfield code="a">PIET</subfield>
    <subfield code="b">PIET</subfield>
    <subfield code="d">2010-10-05</subfield>
    <subfield code="e">The book company</subfield>
    <subfield code="g">395.00</subfield>
    <subfield code="k">4499</subfield>
    <subfield code="l">1</subfield>
    <subfield code="o">331.1 VEI</subfield>
    <subfield code="p">16685</subfield>
    <subfield code="q">2025-08-18</subfield>
    <subfield code="r">2025-01-29 00:00:00</subfield>
    <subfield code="s">2025-01-29</subfield>
    <subfield code="w">2010-10-04</subfield>
    <subfield code="y">BK</subfield>
  </datafield>
</record>
